GATE 2026: Life science biochemistry (Record no. 395149)

MARC details
000 -LEADER
fixed length control field 00571 a2200217 4500
005 - DATE & TIME
control field 20260116162137.0
008 - FIXED-LENGTH DATA ELEMENTS--GENERAL INFORMATION
fixed length control field 260115b |||||||| |||| 00| 0 eng d
020 ## - ISBN
International Standard Book Number 9789356815636
Price Rs. 725.00
040 ## - CATALOGING SOURCE
Original cataloging agency VIVEKANANDA LIBRARY
082 ## - DDC NUMBER
Classification number 572
Book Number P881G
100 ## - MAIN ENTRY--PERSONAL NAME
Personal name Prabhanshu Kumar
245 ## - TITLE STATEMENT
Title GATE 2026: Life science biochemistry
260 ## - PUBLICATION, DISTRIBUTION, ETC. (IMPRINT)
Name of publisher, distributor, etc G K Publications
Date of publication, distribution, etc 2026
Place of publication, distribution, etc Faridabad
300 ## - PHYSICAL DESCRIPTION
Pages v.
650 ## - Subject
Subject Biochemistry
650 ## - Subject
Subject GATE-2026-Biochemistry
650 ## - Subject
Subject Life Science
700 ## - Added Entry Personal Name
Added Entry Personal Name Maurya, Pawan Kr
700 ## - Added Entry Personal Name
Added Entry Personal Name Preeti T Kumar
942 ## - ADDED ENTRY ELEMENTS (KOHA)
Koha item type Books
Holdings
Withdrawn status Lost status Source of classification or shelving scheme Damaged status Not for loan Location (home branch) Sublocation or collection (holding branch) Shelving location Date acquired Koha issues (times borrowed) Koha full call number Accession No. Koha date last seen Copy number Koha item type
    Dewey Decimal Classification     VIVEKANANDA LIBRARY VIVEKANANDA LIBRARY Vivekananda Library 22/12/2025   572 P881G 443792 22/12/2025 R Books
    Dewey Decimal Classification     VIVEKANANDA LIBRARY VIVEKANANDA LIBRARY Vivekananda Library 22/12/2025 1 572 P881G 443791 14/03/2026 R Books
© Designed and Maintained by Vivekananda Library, MDU Rohtak